MDQL
is popping MORE tags! Check the
thread
!
Quizzes
Events
Quiz Creation
Community
Videos
Private Events
Remove Ads
Sign In
Join for FREE
Feedback
Dark Mode
Quiz Categories
Sports
Geography
Music
Movies
Television
Just For Fun
Miscellaneous
History
Literature
Language
Science
Gaming
Entertainment
Religion
Holiday
For Kids
Quiz Lab
Recent
Popular Today
Quiz Kudos Today
Editor Picks
Curator Picks
Quizzes by...
Day
Popularity
Type
Ratings
Length
Year
Community
Subscriptions
Recent Discussions
Orange Saloon
Badges
Playlists
Quests
Create
Leaderboards
Showdown
Live 5
Trivia Bingo
Activity
Puzzle Library
Sporcle Events
Private Events
Virtual Trivia
Globe League
Become a Host
Pub Owners
SporcleCon
Opinionation
Our Games
Videos
Blog
Mobile Apps
Partnerships
Remove Ads and Go Orange
Feedback
Music
Pop Music
The Beatles
Song
Album
Lyrics
Bands
Singers
Artist
Clip
Rock
Rap
Classical
Billboard
Country Music
Kpop
Taylor Swift
Music
Pop Music
The Beatles
Song
Album
Lyrics
Bands
Singers
Artist
Clip
Rock
Rap
Classical
Billboard
Country Music
Kpop
Taylor Swift
Random Quiz
Search Sporcle
×
Quiz Lab
Quiz Lab
Music
Rock
Type in answers that appear in a list
Type in answers that appear in a list
Classic
Best Score? Go Orange.
Greatest Cover Songs Stats
Can you name the original authors of this cover songs??
By
Melomaniax
4m
19 Questions
232 Plays
232 Plays
232 Plays
Comments
Comments
Give Quiz Kudos
Give Quiz Kudos
-
- Ratings
hide this ad
More Info
Replay
Link that replays current quiz
Next Quiz
Link to next quiz in quiz playlist
You Got
0%
They Got
Avg Score
47%
Avg Friend Score
Upgrade to see
Score Distribution
Jump to the score distribution portion of the page
Score
0/19
Timer
04:00
0
Plays Today
Cover
Original by
% Correct
In My Life -
Ozzy Osbourne
The Beatles
89.2%
With a Little Help from My Friends -
Joe Cocker
The Beatles
89.2%
All Along the Watchtower -
Jimi Hendrix
Bob Dylan
86.2%
Live and Let Die -
Guns N' Roses
Wings
82.3%
Hurt -
Johnny Cash
Nine Inch Nails
74.6%
Man Who Sold The World -
Nirvana
David Bowie
69.4%
Respect -
Aretha Franklin
Otis Redding
62.1%
Higher Ground -
Red Hot Chili Peppers
Stevie Wonder
51.5%
Summertime Blues -
The Who
Eddie Cochran
47%
I Fought the Law -
The Clash
The Crickets
41.8%
Cover
Original by
% Correct
Black Magic Woman -
Santana
Fleetwood Mac
40.9%
Crossroads (Cross Road Blues) -
Cream
Robert Johnson
40.9%
Hound Dog -
Elvis Presley
Big Mama Thornton
23.7%
Love Hurts -
Nazareth
The Everly Brothers
22%
Gloria -
The Doors
Them
16.4%
I Love Rock 'n' Roll -
Joan Jett
Arrows
14.2%
Babe I'm Gonna Leave You -
Led Zeppelin
Joan Baez
8.6%
Hush -
Deep Purple
Billy Joe Royal
8.2%
Twist and Shout -
The Beatles
Top Notes
3.9%
Quiz Playlist
Details
Report
Send in Message
Add To Playlist
More Info:
Name the original authors of this covers
Classic:
Type in answers that appear in a list
Last Updated: Feb 16, 2017
Quiz Scoreboard
CHALLENGE
Sign Up to Join the Scoreboard
Show All
Scores
Hide
Comments
May contain spoilers
Recently Published
Holiday 10x10 Sorting Gallery
by lukepisani3
Holiday
15m
Two Season TV Shows II
by 123Four
Television
10m
Image Sorting: Flags VI
by Barbecue
Geography
2m
More to Explore
Quiz From the Vault
Featured Blog Post
14 Easter Pick-up Lines to Find Eggs With
hide this ad
You Might Also Like...
Tags
Rock Quiz
blues
Classic Rock
Cover Songs
Today's Top Quizzes in Music
Browse Music
hide this ad
Today's Top Quizzes in Rock
Browse Rock
Top Contributed Quizzes in Music
1
5X2 Blitz: Bands II
2
Taylor Swift All Songs (2024)
3
5X2 Blitz: The Beatles
4
5X2 Blitz: Billboard
5
Music Artist by Three 2010s hits
6
5X2 Blitz: Billboard II
7
5X2 Blitz: Album
8
5X2 Blitz: Rock
9
5X2 Blitz: Singers
10
5X2 Blitz: Lyrics
Explore More
Trending Topics
NBA
Anime
Harry Potter
Marvel
Disney
Kpop
Crossword
NFL
Soccer
Song
The Office
WWE
Puzzle
Pokémon
Country
hide this ad
More By:
Melomaniax
Quiz
Plays
Rating
Category
Featured
Created
Chopin in a Minute
638
5.00
Music
Jul 31, 2013
The Who Trivia
287
3.60
Music
Aug 2, 2013
Greatest Cover Songs
232
4.22
Music
Jul 31, 2013
'And' Bands
82
4.43
Music
Aug 1, 2013
Colorful Bands with Colorful Songs
33
5.00
Music
Jul 26, 2013
Go to Creator's Profile
Score Distribution
Quiz Creator Spotlight
Melomaniax
Follow
Send a Message
Quizzes Created
-
Created Quiz Play Count
-
More By This Creator
Popular Quizzes Today
1
Find the US States - No Outlines Minefield
2
Colored Red Africa Blitz
3
Find the 'City' Movie
4
The Countries of the World
5
5x2 Blitz: Bands
6
Find the Countries of Europe - No Outlines Minefield
7
Find the US States
8
US States
More Music Quizzes
GOT7 Songs by Any Word
Quiz Lab
Trending Quizzes
Colored Red Europe Blitz I
Colored Red Europe Blitz II
Colored Red Africa Blitz II
Even More Two Season TV Shows
Colored Red Africa Blitz III
Recently Updated
Odd Team Out - Big 4 Players
pecheneg
Quick Pick: 20 Twenties
pecheneg
March Madness Men's Triple Doubles
pecheneg
How Do You Spell That?
pecheneg
Godzilla Movies
pecheneg
Grab Bag: 4-10 Letters
pecheneg
2024 March Madness Bracket
pecheneg
Famous TV Couples
Peacemaker
Champions League XIs: Real Madrid
pecheneg
Largest US Cities 1790-2010
pecheneg
Trending Topics
Harry Potter
Kpop
Crossword
Disney
Marvel
NBA
Anime
NFL
Soccer
Song
Pokémon
The Office
Country
WWE
Puzzle
Your Account Isn't Verified!
In order to create a playlist on Sporcle, you need to verify the email address you used during registration. Go to your
Sporcle Settings
to finish the process.
Report this User
Report this user for behavior that violates our
Community Guidelines
.
Details:
Send Report
Go to the Sporcle.com Mobile Site →
Comments